Fuchs Petrolub AG annual report 2002
Guardado en:
| Formato: | Libro |
|---|---|
| Lenguaje: | inglés |
| Publicado: |
Mannheim
Fuchs Petrolub AG
2002
|
| Materias: | |
| Etiquetas: |
Sin Etiquetas, Sea el primero en etiquetar este registro!
|
MARC
| LEADER | 00000nam$a2200000$$$4500 | ||
|---|---|---|---|
| 001 | 0024224 | ||
| 005 | 20240108123825.0 | ||
| 041 | 0 | |a eng | |
| 044 | |a DE | ||
| 245 | 1 | 0 | |a Fuchs Petrolub AG |b annual report 2002 |
| 264 | 1 | |a Mannheim |b Fuchs Petrolub AG |c 2002 | |
| 300 | |a 131 s. | ||
| 610 | 2 | 0 | |a oleje minerálne |
| 610 | 2 | 0 | |a výroba |
| 610 | 2 | 0 | |a predaj |
| 610 | 2 | 0 | |a vývoj |
| 610 | 2 | 0 | |a suroviny |
| 610 | 2 | 0 | |a inovácia |
| 610 | 2 | 0 | |a obchod |
| 610 | 2 | 0 | |a politika finančná |
| 610 | 2 | 0 | |a výkazy účtovné |
| 610 | 2 | 0 | |a riadenie podnikové |
| 610 | 2 | 0 | |a Nemecko |